<?xml version="1.0" encoding="UTF-8"?><record xmlns="http://www.loc.gov/MARC21/slim" xmlns:zs="http://docs.oasis-open.org/ns/search-ws/sruResponse">
  <leader>02449cas a2200505 a 4500</leader>
  <controlfield tag="001">15163725</controlfield>
  <controlfield tag="005">20250607023134.8</controlfield>
  <controlfield tag="007">hd afb---bucu</controlfield>
  <controlfield tag="008">080131c19959999bu wr pea     |    0bul  </controlfield>
  <datafield ind1=" " ind2=" " tag="035">
    <subfield code="a">15163725</subfield>
  </datafield>
  <datafield ind1=" " ind2=" " tag="906">
    <subfield code="a">7</subfield>
    <subfield code="b">cbc</subfield>
    <subfield code="c">serorig</subfield>
    <subfield code="d">3</subfield>
    <subfield code="e">ncip</subfield>
    <subfield code="f">20</subfield>
    <subfield code="g">n-oclcserc</subfield>
  </datafield>
  <datafield ind1="0" ind2=" " tag="925">
    <subfield code="a">acquire</subfield>
    <subfield code="b">1 shelf copy</subfield>
    <subfield code="x">AC 2008-01-31</subfield>
  </datafield>
  <datafield ind1=" " ind2=" " tag="955">
    <subfield code="a">ok28 2008-01-31 to SRD/CAT</subfield>
    <subfield code="a">da00 2008-02-07</subfield>
    <subfield code="i">fg08 2010-05-04 (telework);</subfield>
    <subfield code="g">fg15 2010-05-10 to MicRR</subfield>
  </datafield>
  <datafield ind1=" " ind2=" " tag="010">
    <subfield code="a">  2010215388</subfield>
  </datafield>
  <datafield ind1=" " ind2=" " tag="035">
    <subfield code="a">(OCoLC)611063982</subfield>
  </datafield>
  <datafield ind1=" " ind2=" " tag="040">
    <subfield code="a">DLC</subfield>
    <subfield code="b">eng</subfield>
    <subfield code="c">DLC</subfield>
    <subfield code="d">DLC</subfield>
    <subfield code="d">OCLCQ</subfield>
    <subfield code="d">OCLCF</subfield>
    <subfield code="d">OCLCO</subfield>
    <subfield code="d">OCLCQ</subfield>
    <subfield code="d">OCLCA</subfield>
    <subfield code="d">OCLCL</subfield>
  </datafield>
  <datafield ind1=" " ind2=" " tag="042">
    <subfield code="a">pcc</subfield>
  </datafield>
  <datafield ind1=" " ind2=" " tag="043">
    <subfield code="a">e-bu---</subfield>
  </datafield>
  <datafield ind1="0" ind2="0" tag="050">
    <subfield code="a">Microfilm (o) 2010/10</subfield>
  </datafield>
  <datafield ind1=" " ind2=" " tag="066">
    <subfield code="c">(N</subfield>
  </datafield>
  <datafield ind1="0" ind2="0" tag="245">
    <subfield code="a">Monopol.</subfield>
  </datafield>
  <datafield ind1="3" ind2=" " tag="246">
    <subfield code="a">Vestnik "Monopol"</subfield>
  </datafield>
  <datafield ind1=" " ind2=" " tag="260">
    <subfield code="a">Sofii︠a︡ :</subfield>
    <subfield code="b">Monopol</subfield>
  </datafield>
  <datafield ind1=" " ind2=" " tag="310">
    <subfield code="a">Weekly</subfield>
  </datafield>
  <datafield ind1=" " ind2=" " tag="336">
    <subfield code="a">text</subfield>
    <subfield code="b">txt</subfield>
    <subfield code="2">rdacontent</subfield>
  </datafield>
  <datafield ind1=" " ind2=" " tag="337">
    <subfield code="a">microform</subfield>
    <subfield code="b">h</subfield>
    <subfield code="2">rdamedia</subfield>
  </datafield>
  <datafield ind1=" " ind2=" " tag="338">
    <subfield code="a">microfilm reel</subfield>
    <subfield code="b">hd</subfield>
    <subfield code="2">rdacarrier</subfield>
  </datafield>
  <datafield ind1="1" ind2=" " tag="362">
    <subfield code="6">880-01</subfield>
    <subfield code="a">Began with Godina 1, broĭ 1 (10/16 i︠a︡nuari 1995).</subfield>
  </datafield>
  <datafield ind1="1" ind2=" " tag="880">
    <subfield code="6">362-01/(N</subfield>
    <subfield code="a">Began with Година 1, брой 1 (10/16 януари 1995).</subfield>
  </datafield>
  <datafield ind1=" " ind2=" " tag="500">
    <subfield code="6">880-02</subfield>
    <subfield code="a">"Spet︠s︡ializirano izdanie za t︠s︡enni knizha i privatizat︠s︡ii︠a︡."</subfield>
  </datafield>
  <datafield ind1=" " ind2=" " tag="880">
    <subfield code="6">500-02/(N</subfield>
    <subfield code="a">"Специализирано издание за ценни книжа и приватизация."</subfield>
  </datafield>
  <datafield ind1=" " ind2=" " tag="515">
    <subfield code="a">God. 1, br. 1 (10/16 i︠a︡n. 1995) preceded by an issue called God. 1, br. 0 (21 dek. 1994).</subfield>
  </datafield>
  <datafield ind1=" " ind2=" " tag="533">
    <subfield code="a">Microfilm.</subfield>
    <subfield code="b">Sofia, Bulgaria.</subfield>
    <subfield code="c">St. St. Cyril and Methodius National Library.</subfield>
    <subfield code="e">microfilm reels ; 35 mm.</subfield>
  </datafield>
  <datafield ind1=" " ind2=" " tag="588">
    <subfield code="6">880-03</subfield>
    <subfield code="a">Description based on: Godina 1, broĭ 1 (10/16 i︠a︡nuari 1995); title from caption.</subfield>
  </datafield>
  <datafield ind1=" " ind2=" " tag="880">
    <subfield code="6">588-03/(N</subfield>
    <subfield code="a">Description based on: Година 1, брой 1 (10/16 януари 1995); title from caption.</subfield>
  </datafield>
  <datafield ind1=" " ind2=" " tag="588">
    <subfield code="6">880-04</subfield>
    <subfield code="a">Latest issue consulted: Godina 1, broĭ 14 (11/17 april 1995).</subfield>
  </datafield>
  <datafield ind1=" " ind2=" " tag="880">
    <subfield code="6">588-04/(N</subfield>
    <subfield code="a">Latest issue consulted: Година 1, брой 14 (11/17 април 1995).</subfield>
  </datafield>
  <datafield ind1=" " ind2="0" tag="650">
    <subfield code="a">Securities</subfield>
    <subfield code="z">Bulgaria</subfield>
    <subfield code="v">Periodicals.</subfield>
  </datafield>
  <datafield ind1=" " ind2="0" tag="650">
    <subfield code="a">Privatization</subfield>
    <subfield code="z">Bulgaria</subfield>
    <subfield code="v">Periodicals.</subfield>
  </datafield>
  <datafield ind1=" " ind2="7" tag="650">
    <subfield code="a">Privatization.</subfield>
    <subfield code="2">fast</subfield>
    <subfield code="0">(OCoLC)fst01077649</subfield>
  </datafield>
  <datafield ind1=" " ind2="7" tag="650">
    <subfield code="a">Securities.</subfield>
    <subfield code="2">fast</subfield>
    <subfield code="0">(OCoLC)fst01110743</subfield>
  </datafield>
  <datafield ind1=" " ind2="7" tag="651">
    <subfield code="a">Bulgaria.</subfield>
    <subfield code="2">fast</subfield>
    <subfield code="0">(OCoLC)fst01212489</subfield>
    <subfield code="1">https://id.oclc.org/worldcat/entity/E39PBJmpchw6DBGRjKHQRDryVC</subfield>
  </datafield>
  <datafield ind1=" " ind2="7" tag="655">
    <subfield code="a">Periodicals.</subfield>
    <subfield code="2">fast</subfield>
    <subfield code="0">(OCoLC)fst01411641</subfield>
  </datafield>
  <datafield ind1="0" ind2="8" tag="776">
    <subfield code="i">Print version:</subfield>
    <subfield code="t">Monopol</subfield>
    <subfield code="w">(DLC)   95646924</subfield>
    <subfield code="w">(OCoLC)32668019</subfield>
  </datafield>
  <datafield ind1=" " ind2=" " tag="850">
    <subfield code="a">DLC</subfield>
  </datafield>
</record>
